Classifica Marcatori Europei di Calcio 2004 - Statistics

Statistiche generali
  • Questo quiz è stato fatto 16 volte
  • Il punteggio medio è 9 su 16
Statistiche sulle risposte
Gol Nazione Calciatore % Corretto
2 Portogallo Cristiano Ronaldo
88%
3 Francia Zinédine Zidane
88%
2 Svezia Zlatan Ibrahimović
88%
4 Inghilterra Wayne Rooney
75%
5 Repubblica Ceca Milan Baros
69%
2 Francia Thierry Henry
69%
3 Svezia Henrik Larsson
63%
3 Grecia Aggelos Charisteas
56%
2 Italia Antonio Cassano
56%
2 Repubblica Ceca Jan Koller
56%
3 Inghilterra Frank Lampard
50%
4 Paesi Bassi Ruud van Nistelrooy
50%
3 Danimarca Jon Dahl Tomasson
44%
2 Portogallo Maniche
44%
2 Portogallo Rui Costa
38%
2 Repubblica Ceca Marek Heinz
6%
Nessun quiz corrispondente trovato
Distribuzione punteggi
Percentuale di utenti per punteggio
Percentile per numero di risposta
I tuoi punteggi nel tempo
Non hai fatto questo quiz